000
00322nam a2200145Ia 4500
003
OSt
008
191201s2016 xx 000 0 und d
082
_a
510
_b
ANE
100
_a
ANDRILLI, Stephen
245
0
_a
Elementary Linear Algebra
260
_b
Elsivier
_c
2016
300
_a
737
650
_a
Applied
942
_2
ddc
_c
BK
999
_c
7112
_d
7112